Amtrak Stations in Canada - Statistics

General Stats
  • This quiz has been taken 46 times
  • The average score is 6 of 9
Answer Stats
Hint Answer % Correct
Ontario Toronto
100%
Quebec Montreal
97%
British Columbia Vancouver
97%
Ontario Niagara Falls
89%
Ontario St. Catherines
66%
Ontario Oakville
49%
Ontario Aldershot
46%
Ontario Grimsby
46%
Quebec Saint-Lambert
29%
No matching quizzes found
Score Distribution
Percent of People with Each Score
Percentile by Number Answered
Your Score History
You have not taken this quiz